<?xml version="1.0" encoding="UTF-8"?>
<record
    xmlns:xsi="http://www.w3.org/2001/XMLSchema-instance"
    xsi:schemaLocation="http://www.loc.gov/MARC21/slim http://www.loc.gov/standards/marcxml/schema/MARC21slim.xsd"
    xmlns="http://www.loc.gov/MARC21/slim">

  <leader>00732cam a22002171a 4500</leader>
  <controlfield tag="001">ne 63001426 </controlfield>
  <controlfield tag="003">DLC</controlfield>
  <controlfield tag="005">20260227111748.0</controlfield>
  <controlfield tag="008">911218s1962    ua            000 0 ara c</controlfield>
  <datafield tag="010" ind1=" " ind2=" ">
    <subfield code="a">ne 63001426 </subfield>
  </datafield>
  <datafield tag="035" ind1=" " ind2=" ">
    <subfield code="a">(OCoLC)24989936</subfield>
  </datafield>
  <datafield tag="040" ind1=" " ind2=" ">
    <subfield code="a">Princeton Univ. Libr.</subfield>
    <subfield code="c">MWalB</subfield>
    <subfield code="d">MWalB</subfield>
    <subfield code="d">DLC</subfield>
  </datafield>
  <datafield tag="042" ind1=" " ind2=" ">
    <subfield code="a">premarc</subfield>
  </datafield>
  <datafield tag="050" ind1="0" ind2="0">
    <subfield code="a">HD7239</subfield>
    <subfield code="b">.H3</subfield>
  </datafield>
  <datafield tag="100" ind1="1" ind2=" ">
    <subfield code="a">&#x1E24;ab&#x12B;b, Sa&#x2BB;d &#x2BB;Abd al-Sal&#x101;m.</subfield>
  </datafield>
  <datafield tag="245" ind1="1" ind2="0">
    <subfield code="a">Shar&#x1E25; al-ta&#x2BC;m&#x12B;n&#x101;t al-ijtim&#x101;&#x2BB;&#x12B;yah /</subfield>
    <subfield code="c">bi-qalam Sa&#x2BB;d &#x2BB;Abd al-Sal&#x101;m &#x1E24;ab&#x12B;b.</subfield>
  </datafield>
  <datafield tag="260" ind1=" " ind2=" ">
    <subfield code="a">[al-Q&#x101;hirah :</subfield>
    <subfield code="b">al-D&#x101;r al-Qawm&#x12B;yah lil-&#x1E6C;iba&#x2BB;ah wa-al-Nashr,</subfield>
    <subfield code="c">1962?]</subfield>
  </datafield>
  <datafield tag="300" ind1=" " ind2=" ">
    <subfield code="a">69 p. ;</subfield>
    <subfield code="c">20 cm.</subfield>
  </datafield>
  <datafield tag="490" ind1="0" ind2=" ">
    <subfield code="a">Ikhtaran&#x101; lil-fal&#x101;l wa-al-&#x2BB;&#x101;mil ;</subfield>
    <subfield code="v">33</subfield>
  </datafield>
  <datafield tag="650" ind1=" " ind2="0">
    <subfield code="a">Social security</subfield>
    <subfield code="z">United Arab Republic.</subfield>
  </datafield>
  <datafield tag="999" ind1=" " ind2=" ">
    <subfield code="c">46085</subfield>
    <subfield code="d">46085</subfield>
  </datafield>
</record>
